| 000 | 00407nam a22001697a 4500 | ||
|---|---|---|---|
| 003 | NUST - PNEC | ||
| 005 | 20170116180906.0 | ||
| 008 | 150902b xxu||||| |||| 00| 0 eng d | ||
| 020 | _a- | ||
| 040 | _cLIBRARY | ||
| 082 | _a620.10 CEN | ||
| 100 |
_96672 _aCengel, Yunus A. |
||
| 245 |
_aFluid mechanics _cYunus A. Cengel |
||
| 260 | _c- | ||
| 650 |
_96677 _aMechanical Engineering _xME |
||
| 942 |
_2ddc _cBK |
||
| 999 |
_c65107 _d65107 |
||